MARC

LEADER 00000nam1a2200000 4500
001 296074
005 20231102000854.0
020 |a RU  |b 84-38135 
035 |a (RuTPU)RU\TPU\book\321167 
090 |a 296074 
100 |a 20150527d1984 k y0rusy5003 ca 
101 0 |a rus 
102 |a UZ 
200 1 |a Операторные алгоритмы в дифференциальных уравнениях  |f Б. А. Бондаренко  |g Академия наук Узбекской ССР (АН УзССР), Узбекское научно-производственное объединение "Кибернетика" 
210 |a Ташкент  |c Фан  |d 1984 
215 |a 184 с. 
606 1 |a Дифференциальные уравнения  |x Некорректные задачи  |2 stltpush  |3 (RuTPU)RU\TPU\subj\9697  |9 36879 
610 1 |a многочлены 
610 1 |a операторные ряды 
610 1 |a классы 
610 1 |a операторные алгоритмы 
610 1 |a решение 
610 1 |a задача Коши 
610 1 |a задача Гурса-Манжерона 
675 |a 519.62  |v 4 
700 1 |a Бондаренко  |b Б. А.  |g Борис Анисимович 
712 0 2 |a Академия наук Узбекской ССР (АН УзССР)  |b Узбекское научно-производственное объединение "Кибернетика"  |c (Ташкент)  |2 stltpush  |3 (RuTPU)RU\TPU\col\15706 
801 0 |a RU  |b RuMRKP  |c 19950704  |g psbo 
801 1 |a RU  |b 63413507  |c 20150527 
801 2 |a RU  |b 63413507  |c 20170725  |g RCR 
942 |c BK